000 00709nam a22002057a 4500
999 _c10327
_d10327
003 AR-CdUCM
008 190329b ||||| |||| 00| 0 spa d
040 _aMUNICIPALIDAD PROVINCIAL DEL CUSCO
_cBIBLIOTECA MUNICIPAL DEL CUSCO
082 _a575.01 /
_bD16 / 1909
100 _aDarwin, Carlos
_927128
245 _aLucha por la existencia /
260 _aBuenos Aires :
_bMaucci,
_c1909.
300 _a199 páginas ;
_c19 cm.
505 _aContenido : Caracteres sexuales secundarios en le hombre -- Ley del combate -- Diferencias en las facultades intelectuales de ambos sexos ...
650 _aExistencia
_918269
650 _aHombre
_9838
650 _aVida
_9884
942 _2ddc
_cLIBROS
945 _arah